| 000 | 00577nam a22002171a 4500 | ||
|---|---|---|---|
| 001 | 1648 | ||
| 003 | OSt | ||
| 005 | 20260204211742.0 | ||
| 008 | 040120s1993||||mx ||||||b||||||||||spa|| | ||
| 020 | _a9684227817 | ||
| 050 | _a658.3 R615a | ||
| 082 | _a658.3 R615a | ||
| 100 | _aRodríguez Estrada, Mauro | ||
| 245 | _aAdministración de la capacitación / Mauro Rodríguez Estrada | ||
| 264 | _aMéxico : McGraw-Hill | ||
| 300 | _a122p. | ||
| 500 | _aIncluye bibliografía | ||
| 650 | _a1.Administración de Personal | ||
| 700 | _aRamírez, PatriciaÌ | ||
| 942 |
_2ddc _cBK |
||
| 999 |
_c1648 _d1648 |
||